000
00260nam a2200097Ia 4500
001
724933
005
20250826163359.0
008
250824s9999 xx 000 0 und d
245
0
_a
MAYALARIN MASKESİ
_c
Yazar Adı Belirtilmemiş
260
_b
BEYAZ BALİNA YAYINLARI
999
_c
724933
_d
724933